Human resources in implementation process of knowledge management and in the context of total rewards model

Salvato in:
Dettagli Bibliografici
Autore principale: Ali Taha, Viktória
Altri autori: Čverhová, Daniela, Tomčíková, Monika
Natura: Capitolo di libro
Lingua:inglese
Tags: Aggiungi Tag
Nessun Tag, puoi essere il primo ad aggiungerne!!

MARC

LEADER 00000naa$a2200000$$$4500
001 0198081
005 20240502073339.1
041 0 |a eng 
044 |a SK 
245 1 0 |a Human resources in implementation process of knowledge management and in the context of total rewards model  |c Viktória Ali Taha, Daniela Čverhová, Monika Tomčíková 
100 1 |a Ali Taha, Viktória 
700 1 |a Čverhová, Daniela 
700 1 |a Tomčíková, Monika